World of Street Woman Fighter - Statistics

General Stats
  • This quiz has been taken 38 times
  • The average score is 34 of 47
Answer Stats
WSWF Dancers % Correct
Marlee
100%
Teesha
100%
Fantaye
94%
Honey J
94%
Ibuki
94%
Moana
94%
Aaliyah
88%
AIKI
88%
Kaea
88%
LIP J
88%
Riehata
88%
Vanessa
88%
Bella
81%
Hyojin Choi
81%
Kylie
81%
Kyoka
81%
Leejung
81%
Monika
81%
Tiare
81%
Abby
75%
Danica
75%
Gabee
75%
Hana
75%
Harmz
75%
Isla
75%
NO:ZE
75%
Rena
75%
Ruthybaby
75%
Uwa
75%
Junna
69%
Minami
69%
ReiNa
69%
Ri.Hey
69%
Ruu
69%
Zari
69%
Kyra
63%
Alysha
56%
Logistx
56%
Maiya
56%
Nyssa
56%
Rico Hirai
56%
Kaidi
50%
Mona
50%
Nina Neves
50%
Kaleece
44%
Ako
38%
Asuka
38%
No matching quizzes found
Score Distribution
Percent of People with Each Score
Percentile by Number Answered
Your Score History
You have not taken this quiz